000 01161nam a2200313 a 4500
001 000113484
003 CHAP
005 20220329144357.0
008 170724s2016 mx sm |||||||spa d
010 _a109945
011 _a110917
040 _cCHAP
090 _aTesis
100 0 0 _aEscobedo Salas, Marina
_937553
245 1 0 _aAntagonismo in vitro de hongos entomopatógenos en Phytophthora cinnamomi Rands y Alternaria artenata (Fr.:Fr.)
_h[En línea]
_cpor Marina Escobedo Salas.
260 _aChapingo, Méx. :
_bEl autor,
_c2016.
500 _aPara ver el contenido del material haga clic en la liga
502 _aTesis (M.C. en Protección Vegetal) -- UACH. Departamento de Parasitología Agrícola
590 _aE5765TAJ
_b05
_c20170724
_lUCH01
_h1249
590 _aE5765TAJ
_b05
_c20170724
_lUCH01
_h1251
650 1 4 _aAguacate
_xEnfermedades por hongos.
_92511
650 1 4 _aAntagonismo (Microorganismos)
_96023
650 1 4 _aControl biológico de hongos.
_927580
650 1 4 _aTristeza del aguacate.
_9115188
856 _aFinding aid
_uhttp://10.13.5.2/tesis/sist113484.pdf
_zTeclea aquí
901 _aBK
942 _cTESIS
942 _n0
999 _c109945
_d109945